Представление документа в формате MARC21

Поле Инд. ПП Название Значение
Тип записи a
Библиографический уровень m
001 Контрольный номер RU/IS/BASE/348757137
005 Дата корректировки 20140703193525.8
040 a Служба первич. каталог. НБ ТвГУ
b Код языка каталог. rus
e Правила каталог. PSBO
041 0_ a Код языка текста rus
080 a Индекс УДК 114(043.3)
080 a Индекс УДК 1:398.2(043.3)
084 a Индекс другой классификации/Индекс ББК С021я031
084 a Индекс другой классификации/Индекс ББК С028.13я031
090 a Полочн. индекс С021
x Авторский знак К 39
100 1_ a Автор Килясханов Магомед Хизриевич
q Полное имя Килясханов М. Х.
245 10 a Заглавие Мифология пространства социального бытия современной России: социально-философский анализ
b Продолж. заглавия автореф. дис. ... канд. филос. наук : 09.00.11
c Ответственность Твер. гос. ун-т, Каф. теории и истории культуры
260 a Место издания Тверь
c Дата издания 2010
300 a Объем 16 с.
500 a Примечание На правах рукоп.
504 a Библиография Библиогр. в конце кн. (7 назв.) и в подстроч. примеч.
653 a Ключевые слова Авторефераты
a Ключевые слова Мифы в общественном сознании
a Ключевые слова Общественное сознание
a Ключевые слова Социальная мифология
a Ключевые слова Социальная философия
a Ключевые слова Социальное пространство
a Ключевые слова Философия
a Ключевые слова Труды Тверского государственного университета
710 a Организация/ юрисдикция Тверской государственный университет
901 t Тип документа m
920 a Оператор Густ
930 a Новая/Ретро авторефераты
952 c Вид литературы А/Р н
954 a Дата поступления на обработку 20110121